000
00293nam a22001337a 4500
008
170529b xxu||||| |||| 00| 0 eng d
020
_a
9788120327573
041
_a
eng
080
_2
4 ED
_a
62
100
_a
27
101
_a
IM
245
_a
SIGNALS SYSTEMS
_c
ZIEMER.R.E
942
_2
udc
_c
BK
999
_c
14790
_d
14790